header

Girls in trouble with the law (Record no. 247049)

MARC details
000 -LEADER
fixed length control field 01791nam a22003854a 4500
082 04 - DEWEY DECIMAL CLASSIFICATION NUMBER
Classification number 364.36082/0973
100 1# - MAIN ENTRY--AUTHOR NAME
Personal name Schaffner, Laurie.
245 10 - TITLE STATEMENT
Title Girls in trouble with the law
260 ## - PUBLICATION, DISTRIBUTION, ETC. (IMPRINT)
Place of publication New Brunswick, N.J. :
Name of publisher Rutgers University Press,
Year of publication c2006.
300 ## - PHYSICAL DESCRIPTION
Number of Pages 257 p. :
Other physical details ill.
490 1# - SERIES STATEMENT
Series statement The Rutgers series in childhood studies
505 0# - FORMATTED CONTENTS NOTE
Formatted contents note Introduction: Girls trouble the law -- New troubles for girls -- Injury, gender, and trouble -- Empty families, sexuality, and trouble -- Gender, violence, and trouble -- Children, gender, and corrections -- Pathways, politics, policies, and programs.
650 #0 - SUBJECT ADDED ENTRY--TOPICAL TERM
Topical Term Female juvenile delinquents
Topical Term Juvenile delinquency
Topical Term Teenagers with social disabilities
Topical Term Juvenile corrections
856 40 - ELECTRONIC LOCATION AND ACCESS
Uniform Resource Identifier http://site.ebrary.com/lib/rucke/Doc?id=10167787

No items available.

© 2026 Rongo University
Contact us: librarian | system librarian | Rongo university